[Event "8' Festival Internazionale di Scacchi \"Usciamo dallo Stallo\""]
[Site "?"]
[Date "2025.01.04"]
[Round "3"]
[White "Rovedi, Mauro"]
[Black "Dobboletta, Alex"]
[Result "0-1"]
[WhiteElo "1943"]
[BlackElo "2177"]
[PlyCount "62"]
[EventDate "2024.??.??"]
[SourceVersionDate "2025.01.05"]

1. Nf3 d5 2. d4 Nf6 3. c4 e6 4. Nc3 c5 5. e3 a6 6. a4 Nc6 7. Be2 dxc4 8. Bxc4 cxd4 9. exd4 Nb4 10. O-O Be7 11. Re1 O-O 12. Bg5 b6 13. Qe2 Bb7 14. Rad1 Nfd5 15. Bxe7 Qxe7 16. Nxd5 Nxd5 17. Qe5 Qb4 18. b3 Rad8 19. Ng5 h6 20. Ne4 Qe7 21. Rd3 f6 22. Qg3 b5 23. axb5 axb5 24. Bxd5 exd5 25. Nxf6+ Qxf6 26. Rf3 Qxd4 27. Qc7 Bc8 28. h3 Rxf3 29. Qxd8+ Rf8 30. Re8 Qxf2+ 31. Kh1 Rxe8 0-1